World invisible trade

সংরক্ষণ করুন:
গ্রন্থ-পঞ্জীর বিবরন
বিন্যাস: গ্রন্থ
ভাষা:Undetermined
প্রকাশিত: London Committee on Invisible Exports 1976
বিষয়গুলি:
ট্যাগগুলো: ট্যাগ যুক্ত করুন
কোনো ট্যাগ নেই, প্রথমজন হিসাবে ট্যাগ করুন!
Thư viện lưu trữ: Trung tâm Học liệu Trường Đại học Cần Thơ
LEADER 00454nam a2200169Ia 4500
001 CTU_81309
008 210402s9999 xx 000 0 und d
082 |a 382.1 
082 |b W927 
245 0 |a World invisible trade 
260 |a London 
260 |b Committee on Invisible Exports 
260 |c 1976 
650 |a Invisible items of trade 
650 |x Statistics 
904 |i Trọng Hải 
980 |a Trung tâm Học liệu Trường Đại học Cần Thơ